000 01239 a2200265 4500
003 Nust
005 20220811143608.0
010 _a 2006286288
020 _a0521780292
020 _a9780521780292
035 _a(OCoLC)61702402
035 _a(OCoLC)ocm61702402
040 _cNust
082 0 4 _a621.3670151,HOG
100 1 _aHoggar, S. G.
_996886
245 1 0 _aMathematics of digital images :
_bcreation, compression, restoration, recognition /
_cS.G. Hoggar.
260 _aCambridge ;
_aNew York :
_bCambridge University Press,
_cc2006.
300 _axxxii, 854 p. :
_bill., port. ;
_c26 cm.
505 _aThe plane (Page-1), the seven braid patterns (Page-43), matrix structures (Page-113), here’s to probability (Page-207), information , error and belief (Page-393), transforming the image (Page-521), See, edit, reconstruct (Page-685).
650 0 _aTelecommunication Engineering.
856 4 2 _3Contributor biographical information
_uhttp://www.loc.gov/catdir/enhancements/fy0732/2006286288-b.html
856 4 2 _3Publisher description
_uhttp://www.loc.gov/catdir/enhancements/fy0617/2006286288-d.html
856 4 2 _3Table of contents only
_uhttp://www.loc.gov/catdir/enhancements/fy0617/2006286288-t.html
942 _cREF
_2ddc
999 _c176894
_d176894